KPSS - partija naučnogo kommunizma : razvitije teorii naučnogo kommunizma v rešenijach i dokumentach KPSS na sovremennom etape /

Uložené v:
Podrobná bibliografia
Hlavní autori: Aleksandrov, V. S. (Author), Lisenkov, Michail Maksimovič (Author)
Médium: Kniha
Jazyk:Russian
Vydané: Moskva : Izdatel´stvo Moskovskogo universiteta, 1974.
Fyzický popis: 247 strán.
Tagy: Pridať tag
Žiadne tagy, Buďte prvý kto otaguje tento záznam!

MARC

LEADER 00000nam a22000002i 4500
001 000672221
005 20211130132640.0
008 210428s1974 ru e 000 0 rus d
020 |c Kčs 17,00  |q (viazaná) 
040 |a SVKKK  |b slo  |c SVKKK  |e rda 
100 1 |a Aleksandrov, V. S.  |4 aut 
245 1 0 |a KPSS - partija naučnogo kommunizma :  |b razvitije teorii naučnogo kommunizma v rešenijach i dokumentach KPSS na sovremennom etape /  |c V. S. Aleksandrov, M. M. Lisenkov. 
264 1 |a Moskva :  |b Izdatel´stvo Moskovskogo universiteta,  |c 1974. 
300 |a 247 strán. 
336 |a text  |b txt  |2 rdacontent 
337 |a bez média  |b n  |2 rdamedia 
338 |a zväzok  |b nc  |2 rdacarrier 
500 |a Záznam revízie 
700 1 |a Lisenkov, Michail Maksimovič  |4 aut 
910 |a svkkk 
998 |a BK 
090 |g SCKHL  |k Sklad Pribinova 2. posch.  |a III.107595  |j 527268  |i 2720817861  |4 Zastaraná  |s Vyradená